Southville International School and Colleges
Your cart is empty.
  • Cart
  • Lists
    Public lists Eva Luna New books Lux_list list_1
    Your lists Log in to create your own lists
  • Log in to your account
  • Your cookies
  • Search history
Southville International School and Colleges
  • Advanced search
  • Recent comments
  • Most popular
  • Libraries

Log in to your account

Log in with GOOGLE


If you do not have an external account, but do have a local account, you can still log in:

  1. Home
  2. MARC view: Instructional classroom management :
Normal view MARC view ISBD view

Instructional classroom management : (Record no. 290860)

[ view plain ]
MARC details
000 -LEADER
fixed length control field 00735nam a2200265Ia 4500
008 - FIXED-LENGTH DATA ELEMENTS--GENERAL INFORMATION
fixed length control field 160216s9999 xx 000 0 und d
020 ## - INTERNATIONAL STANDARD BOOK NUMBER
International Standard Book Number 0-13-013993-9
050 ## - LIBRARY OF CONGRESS CALL NUMBER
Classification number MAIN LB 3013
050 ## - LIBRARY OF CONGRESS CALL NUMBER
Item number .D37 2004
100 ## - MAIN ENTRY--PERSONAL NAME
Personal name Darch, Craig B.
245 ## - TITLE STATEMENT
Title Instructional classroom management :
245 ## - TITLE STATEMENT
Remainder of title a proactive approach to behavior management /
245 ## - TITLE STATEMENT
Statement of responsibility, etc Craig B. Darch, Edward J. Kame'enui.
250 ## - EDITION STATEMENT
Edition statement 2nd Edition
260 ## - PUBLICATION, DISTRIBUTION, ETC. (IMPRINT)
Place of publication, distribution, etc New Jersey :
260 ## - PUBLICATION, DISTRIBUTION, ETC. (IMPRINT)
Name of publisher, distributor, etc Pearson Education, Inc.
260 ## - PUBLICATION, DISTRIBUTION, ETC. (IMPRINT)
Date of publication, distribution, etc 2004
300 ## - PHYSICAL DESCRIPTION
Extent 257 pages :
300 ## - PHYSICAL DESCRIPTION
Other physical details ill. ;
300 ## - PHYSICAL DESCRIPTION
Dimensions 24 cm.
500 ## - GENERAL NOTE
General note Includes index.
650 ## - SUBJECT ADDED ENTRY--TOPICAL TERM
Topical term or geographic name as entry element Behavior modification.
650 ## - SUBJECT ADDED ENTRY--TOPICAL TERM
Topical term or geographic name as entry element Classroom management.
650 ## - SUBJECT ADDED ENTRY--TOPICAL TERM
Topical term or geographic name as entry element School discipline.
Holdings
Withdrawn status Lost status Damaged status Home library Current library Shelving location Date acquired Cost, normal purchase price Total Checkouts Full call number Barcode Date last seen Price effective from Koha item type
      South Mansfield College South Mansfield College Reserve Section   2.00   MAIN LB 3013 .D37 2004 SMC00801 02/16/2016 02/16/2016  

Instructional classroom management :

APA

Darch C. B., .Instructional classroom management. New Jersey: .

Chicago

Darch Craig B, .Instructional classroom management. New Jersey: .

Harvard

Darch C. B., .Instructional classroom management. New Jersey: .

MLA

Darch Craig B, .New Jersey: . .

  • Place hold
  • Print
  • Cite
  • Add to your cart (remove)
  • Save record
    BIBTEX Dublin Core MARCXML MARC (non-Unicode/MARC-8) MARC (Unicode/UTF-8) MARC (Unicode/UTF-8, Standard) MODS (XML) RIS
  • More searches
    Search for this title in:
    Other Libraries (WorldCat) Other Databases (Google Scholar) Online Stores (Bookfinder.com) Open Library (openlibrary.org)

Exporting to Dublin Core...

SOUTHVILLE LIBRARY

Southville International School and Colleges Library

1281 Tropical Ave. Cor. Luxembourg St., BF Homes International, Las Pinas City

Tel. No. 8256374 / 252358 Loc. 117/146

Powered by Koha